LEADER 00934nam a2200241 i 4500 001 000000233569 003 CaOOAMICUS 005 20140923000000.0 008 140923s1964 gw u000 u mul u 013 $a212472 040 $aSeMil$bita 240 10$a[Crucigers Sommerpostille 1544].$0(OLS)http://semarc/title/333293 245 10$a22. Band. 300 $aLXXXIX, 499 p. 500 $aRistampa anastatica dell'ed. del 1929. 700 1 $aLuther, Martin$b<1483-1545>.$0(OLS)http://semarc/name/305 773 0 $aLuther, Martin <1483-1545>$tD. Martin Luthers Werke.$dGraz : Akademische Druck- u. Verlagsanstalt, 1883 (Unveränderter Abdruck 1966)$z3-7400-0036-8$w()11037 773 0 $tSchriften.$g22$w()30567 850 $aSeMil 852 $aSeMil$W1$xVenegono$y1$m2K VI 103$j183915$B183915$CSeMilBibl$Z2$F194659 $8I 900 1 $aMartin Lutero. 996 $6245$a22. Band$9(OLS)http://semarc/title/333292 LEADER 00674nam a2200205 i 4500 001 000000075342 003 CaOOAMICUS 005 20070927000000.0 008 070927s1913 it u000 u ita u 013 $a46514 040 $aSeMil$bita 245 10$aVolume primo. 300 $a384 p. 490 0 $aScrittori d'Italia 773 0 $aParini, Giuseppe <1729-1799>$tOpere.$dBari : Laterza & Figli, 192[?]$g1$w()18463 773 0 $tProse.$w()18473 830 0$aScrittori d'Italia.$0(OLS)http://semarc/title/138 850 $aSeMil 852 $aSeMil$W1$xVenegono$y1$m1E IV 106/1$j41494$B41494$CSeMilBibl$Z2$F41498 $81 996 $6245$aVolume primo$9(OLS)http://semarc/title/17661